Footprints and other plays/ (Record no. 208215)

MARC details
000 -LEADER
fixed length control field 00635 a2200217 4500
005 - DATE AND TIME OF LATEST TRANSACTION
control field 20250108152646.0
010 ## - LCCN (DPL NO)
LC control number ENG-143228
020 ## - INTERNATIONAL STANDARD BOOK NUMBER
International Standard Book Number 9789390961108
Terms of availability 450.00
035 ## - SYSTEM CONTROL NUMBER
System control number EN-126760
037 ## - SOURCE OF ACQUISITION
Source of stock number/acquisition DBAD
037 ## - SOURCE OF ACQUISITION
Source of stock number/acquisition Vitasta
082 ## - DEWEY DECIMAL CLASSIFICATION NUMBER
Classification number 921
100 ## - MAIN ENTRY--PERSONAL NAME
Personal name Padaki, Vijay
245 ## - TITLE STATEMENT
Title Footprints and other plays/
Statement of responsibility, etc By Vijay Padaki
260 ## - PUBLICATION, DISTRIBUTION, ETC. (IMPRINT)
Place of publication, distribution, etc New Delhi
Name of publisher, distributor, etc Vitasta Publishing
Date of publication, distribution, etc 2007
270 ## - ADDRESS
Address 2/15, Ist Floor, Ansari Road, Darya Ganj
City New Delhi
State or province Delhi
Postal code 110002
300 ## - PHYSICAL DESCRIPTION
Extent xiii,333p
Dimensions 21cm(pb)
490 ## - SERIES STATEMENT
Volume number/sequential designation 4
650 ## - SUBJECT ADDED ENTRY--TOPICAL TERM
Topical term or geographic name as entry element Biography
General subdivision political
942 ## - ADDED ENTRY ELEMENTS (KOHA)
Institution code [OBSOLETE] dpl
Item type English Books
Source of classification or shelving scheme Dewey Decimal Classification
Classification part 882
Call number suffix PAD
Holdings
Withdrawn status Lost status Not for loan Collection code Home library Current library Date acquired Source of acquisition Cost, normal purchase price Full call number Barcode Copy number Cost, replacement price Koha item type
      Non-fiction Ashok Vihar Ashok Vihar 08/01/2025 Delivery of Books Division 450.00 882 PAD EN-126760 1 450.00 English Books

© Delhi Public Library
Hit Counter
free hit counter